000 00304nam a2200109Ia 4500
008 190907s9999||||xx |||||||||||||| ||und||
100 _aAzad Bin Haider
245 0 _aTareekh-E-All India Muslim League Sir syed Se Quaid-E-Azam Tak
260 _aLahore
_bFazili Book
_c2013
300 _a1152
942 _cBK
999 _c6252
_d6252